| 000 | 01113cam a22002653a 4500 | ||
|---|---|---|---|
| 001 | 18190 | ||
| 003 | PGUSA | ||
| 005 | 20140828083403.0 | ||
| 008 | 060417s2006||||xxu|||||s|||||000 1 eng d | ||
| 040 |
_aPGUSA _beng |
||
| 042 | _adc | ||
| 050 | 4 | _aPZ | |
| 100 | 1 |
_aGruelle, Johnny, _d1880-1938 |
|
| 245 | 1 | 0 |
_aRaggedy Ann Stories _h[electronic resource] / _cJohnny Gruelle |
| 260 |
_bProject Gutenberg, _c2006 |
||
| 500 | _aIllustrated by the author. | ||
| 505 | 0 | _aRaggedy Ann learns a lesson -- Raggedy Ann and the washing -- Raggedy Ann and the kite -- Raggedy Ann rescues Fido -- Raggedy Ann and the painter -- Raggedy Ann's trip on the river -- Raggedy Ann and the strange dolls -- Raggedy Ann and the kittens -- Raggedy Ann and the fairies' gift -- Raggedy Ann and the chickens -- Raggedy Ann and the mouse -- Raggedy Ann's new sisters. | |
| 506 | _aPublic domain in the USA. | ||
| 516 | _aElectronic text | ||
| 653 | _aChildren's stories, American | ||
| 653 | _aDolls -- Juvenile fiction | ||
| 830 | 0 |
_aProject Gutenberg _v18190 |
|
| 856 | 4 | 0 | _uhttp://www.gutenberg.org/ebooks/18190 |
| 942 | _cEB | ||
| 999 |
_c247445 _d247445 |
||